00819nam a2200205Ia 4500003000900000008004100009020001800050040001600068080001900084100003000103245022400133260004500357300001800402650002300420650002300443700002700466942000700493999001700500952009600517IN-BaIIA211028s9999 xx 000 0 eng d a92-9092-323-7 cIIA Library a524.382bESA-I aLa Dous, Constanze919098 0aIUE-ULDA access guide no. 5bpt. 1, international ultraviolet explorer-uniform low disperson archive chromospherically active binary starscConstanze La Dous and Gimenez, Alvaro  aNetherlandsbEuropean Space Agencyc1994 axxviii, 221p. aBinary stars91185 aChromosphere95508 aGimenez, Alvaro919864 cBK c11589d11589 00104070aBANbBANcGENd1995-12-13l0o524.382/ ESA-Ip12504r2021-11-05w1995-12-13yBK